01070nam a2200265Ia 4500001001200000003000800012006001900020007001500039008004100054020001800095040002100113035002100134050002600155245006500181260003900246300004500285490004900330500002000379533015200399650003400551650004700585655002900632710001700661856012600678ebr10201496CaPaEBRm u cr cn|||||||||860531s2007 okuab s 001 0 eng d z9781593701031 aCaPaEBRcCaPaEBR a(OCoLC)42750690814aHD9560.5b.I57 2007eb00aInternational petroleum encyclopediah[electronic resource]. aTulsa, OK :bPennWell Pub.,c2007. axviii, 484 p. :bill. (some col.), maps.0 aInternational petroleum encyclopedia ;v2007 aIncludes index. aElectronic reproduction.bPalo Alto, Calif. :cebrary,d2009.nAvailable via World Wide Web.nAccess may be limited to ebrary affiliated libraries. 0aPetroleum industry and trade. 0aPetroleum industry and tradevDirectories. 7aElectronic books.2local2 aebrary, Inc.40uhttp://site.ebrary.com/lib/rucke/Doc?id=10201496zAn electronic book accessible through the World Wide Web; click to view